000
00253nam a22001217a 4500
041
_a
ENG
100
_a
Hall.C.W
245
_a
Drying Farm Crops
260
_a
Ludhiana
_b
Lyall Book Depot
_c
1970
300
_a
336
650
_a
APE
856
_u
APE ( 10 )
999
_c
1793
_d
1793